[Event "SLO-chT2 East"]
[Site "Brezice Maribor"]
[Date "2008.06.07"]
[Round "3"]
[White "Persuh, Andrej"]
[Black "Mejal, Davorin"]
[Result "1-0"]
[WhiteElo "1625"]
[BlackElo "1848"]
[PlyCount "31"]
[EventDate "2008.10.24"]
[EventType "team-tourn"]
[EventRounds "9"]
[EventCountry "SLO"]
[SourceTitle "EXT 2010"]
[Source "ChessBase"]
[SourceDate "2010.11.25"]
[SourceVersion "1"]
[SourceVersionDate "2010.11.25"]
[SourceQuality "1"]

1. e4 c6 2. d4 d5 3. exd5 cxd5 4. Nf3 Nc6 5. Bb5 a6 6. Bxc6+ bxc6 7. 0-0 Bg4 8. Re1 e6 9. Qd3 Bd6 10. h3 Bf5 11. Qxf5 Ne7 12. Qd3 0-0 13. Ng5 Ng6 14. Nc3 e5 15. dxe5 Be7 16. Nf3 1-0